Państwa Świata w dopełniaczu - Statystyki

Ogólne statystyki
  • Ten quiz został rozwiązany 1 430 razy
  • Średni wynik to 128 z 196
Odpowiedzi na mapie
Odpowiedzi zakodowano w zielono-czerwonej skali na mapie do tego quizu, zgodnie z poniższymi procentami.
 
Statystyki odpowiedzi
Kraj % Poprawnych
Polski
91%
Kanady
88%
Stanów Zjednoczonych
85%
Meksyku
84%
Niemiec
84%
Rosji
84%
Francji
81%
Danii
80%
Hiszpanii
80%
Islandii
79%
Norwegii
79%
Szwecji
79%
Ukrainy
79%
Brazylii
78%
Chin
78%
Finlandii
78%
Irlandii
78%
Portugalii
78%
Wielkiej Brytanii
78%
Włoch
78%
Białorusi
77%
Czech
77%
Estonii
77%
Holandii
77%
Litwy
77%
Łotwy
77%
Belgii
76%
Słowacji
76%
Argentyny
75%
Australii
75%
Austrii
75%
Chile
75%
Grecji
75%
Japonii
75%
Kuby
75%
Rumunii
75%
Turcji
75%
Chorwacji
74%
Indii
74%
Słowenii
74%
Szwajcarii
74%
Albanii
73%
Bułgarii
73%
Egiptu
73%
Kazachstanu
73%
Mongolii
73%
Peru
73%
Węgier
73%
Iraku
72%
Iranu
72%
Kolumbii
72%
Korei Południowej
72%
Mołdawii
72%
Serbii
72%
Boliwii
71%
Dominikany
71%
Indonezji
71%
Korei Północnej
71%
Nowej Zelandii
71%
Panamy
71%
Wenezueli
71%
Cypru
70%
Czarnogóry
70%
Kosowa
70%
Omanu
70%
Urugwaju
70%
Arabii Saudyjskiej
69%
Gruzji
69%
Haiti
69%
Madagaskaru
69%
Malty
69%
Paragwaju
69%
Watykanu
69%
Andory
68%
Dominiki
68%
Ekwadoru
68%
Filipin
68%
Jemenu
68%
Libii
68%
Maroka
68%
Nepalu
68%
Pakistanu
68%
Afganistanu
67%
Algierii
67%
Izraela
67%
Jamajki
67%
Macedonii Północnej
67%
San Marino
67%
Tajlandii
67%
Tunezji
67%
Uzbekistanu
67%
Wietnamu
67%
Armenii
66%
Azerbejdżanu
66%
Hondurasu
66%
Kataru
66%
Kirgistanu
66%
Malezji
66%
Nigerii
66%
Tadżykistanu
66%
Turkmenistanu
66%
Bośni i Hercegowiny
65%
Czadu
65%
Gujany
65%
Kostaryki
65%
Somalii
65%
Sri Lanki
65%
Sudanu
65%
Syrii
65%
Etiopii
64%
Gwatemali
64%
Laosu
64%
Luksemburga
64%
Monako
64%
Surinamu
64%
Bangladeszu
63%
Belize
63%
Jordanii
63%
Kambodży
63%
Kenii
63%
Konga
63%
Libanu
63%
Mali
63%
Republiki Południowej Afryki
63%
Tajwanu
63%
Zjednoczonych Emiratów Arabskich
63%
Angoli
62%
Bhutanu
62%
Gwinei
62%
Salwadoru
62%
Bahamów
61%
Mjanmy
61%
Tanzanii
61%
Kuwejtu
60%
Nikaragui
60%
Senegalu
60%
Sudanu Południowego
60%
Zambii
60%
Zimbabwe
60%
Erytrei
59%
Ghany
59%
Lesotho
59%
Mauretanii
59%
Togo
59%
Fidżi
58%
Namibii
58%
Ugandy
58%
Bahrajnu
57%
Botswany
57%
Gwinei Równikowej
57%
Liechtensteinu
57%
Mikronezji
57%
Mozambiku
57%
Palau
57%
Papui-Nowej Gwinei
57%
Rwandy
57%
Seszeli / ów
57%
Singapuru
57%
Demokratycznej Republiki Konga
56%
Eswatini
56%
Gwinei Bissau
56%
Kamerunu
56%
Liberii
56%
Vanuatu
56%
Dżibuti
55%
Gambii
55%
Kiribati
55%
Malawi
55%
Malediwów
55%
Burkiny Faso
54%
Gabonu
54%
Nauru
54%
Wybrzeża Kości Słoniowej
54%
Wysp Marshalla
54%
Beninu
53%
Burundi
53%
Timoru Wschodniego
53%
Tuvalu
53%
Wysp Salomona
53%
Barbadosu
52%
Brunei
52%
Nigru
52%
Republiki Środkowoafrykańskiej
52%
Samoa
52%
Tonga
52%
Komorów
51%
Mauritiusa / u
51%
Trynidadu i Tobago
50%
Sierra Leone
49%
Grenady
47%
Saint Lucia
44%
Republiki Zielonego Przylądka
43%
Antigui i Barbudy
37%
Saint Vincent i Grenadyn
36%
Wysp Świętego Tomasza i Książecej
31%
Saint Kitts i Nevisu
28%
Nie znaleziono quizów pasujących do podanych kryteriów
Rozkład punktacji
Procent ludzi z każdym wynikiem
Percentyl według liczby udzielonych odpowiedzi
Twoja historia wyników
Nie rozwiązałeś tego quizu